[Event "Asti Alfieri Memorial 2nd"]
[Site "Asti"]
[Date "2007.03.25"]
[Round "6"]
[White "Cova, Alessandro"]
[Black "Fogliati, Alessandro"]
[Result "1-0"]
[WhiteElo "1923"]
[BlackElo "1808"]
[PlyCount "50"]
[EventDate "2007.03.22"]
[EventType "swiss"]
[EventRounds "6"]
[EventCountry "ITA"]
[SourceTitle "EXT 2010"]
[Source "ChessBase"]
[SourceDate "2010.11.25"]
[SourceVersion "1"]
[SourceVersionDate "2010.11.25"]
[SourceQuality "1"]

1. d4 Nf6 2. Nf3 e6 3. Nbd2 c5 4. e3 b6 5. Bd3 Bb7 6. 0-0 Be7 7. c3 0-0 8. dxc5 Bxc5 9. e4 d5 10. e5 Nfd7 11. Re1 Re8 12. Nb3 Nf8 13. Nbd4 Nc6 14. Ng5 Nxd4 15. cxd4 Be7 16. Qh5 Bxg5 17. Bxg5 Qd7 18. Re3 g6 19. Qh6 f5 20. exf6 Qf7 21. Rae1 Rac8 22. h4 Rc7 23. Rg3 Kh8 24. Bf4 Rcc8 25. h5 gxh5 1-0

[Event "Asti Alfieri Memorial 1st"]
[Site "Asti"]
[Date "2006.02.05"]
[Round "5"]
[White "Gussone, Claudio"]
[Black "Cova, Alessandro"]
[Result "1/2-1/2"]
[WhiteElo "1947"]
[BlackElo "1963"]
[PlyCount "104"]
[EventDate "2006.02.02"]
[EventType "swiss"]
[EventRounds "6"]
[EventCountry "ITA"]
[SourceTitle "CBM 110 Extra"]
[Source "ChessBase"]
[SourceDate "2006.03.10"]
[SourceVersion "2"]
[SourceVersionDate "2006.03.10"]
[SourceQuality "1"]

1. Nf3 d5 2. g3 c5 3. d4 Nc6 4. Bg2 Nf6 5. 0-0 Bg4 6. h3 Bxf3 7. Bxf3 Nxd4 8. Bg2 e6 9. Be3 Nc6 10. c3 Bd6 11. Qd2 0-0 12. Na3 a6 13. Rad1 Qc7 14. Bg5 Be7 15. Bf4 Ne5 16. Nc2 Bd6 17. Bg5 Ned7 18. e4 h6 19. Be3 Nb6 20. exd5 Nbxd5 21. Bxh6 gxh6 22. c4 Nb6 23. Qxh6 Ne8 24. Rfe1 Be5 25. Be4 f6 26. f4 Bd4+ 27. Nxd4 cxd4 28. Rxd4 Rb8 29. Red1 Qg7 30. Qh5 f5 31. Bb1 Nf6 32. Qf3 Qc7 33. g4 Rbd8 34. Rxd8 Rxd8 35. Rxd8+ Qxd8 36. gxf5 Qd4+ 37. Qf2 Qxf2+ 38. Kxf2 Nxc4 39. fxe6 Nxb2 40. Bg6 Kf8 41. Ke3 Ke7 42. f5 Ng8 43. Kd4 b6 44. Kd5 Nf6+ 45. Kc6 Nc4 46. h4 Ng8 47. Kb7 a5 48. Ka6 Nh6 49. Kb5 Nd6+ 50. Kxb6 a4 51. Ka5 a3 52. Kb4 Ndxf5 1/2-1/2

[Event "Asti Alfieri Memorial 1st"]
[Site "Asti"]
[Date "2006.02.02"]
[Round "1"]
[White "Brancaleoni, Maurizio"]
[Black "Cova, Alessandro"]
[Result "1-0"]
[WhiteElo "2306"]
[BlackElo "1963"]
[PlyCount "123"]
[EventDate "2006.02.02"]
[EventType "swiss"]
[EventRounds "6"]
[EventCountry "ITA"]
[SourceTitle "CBM 110 Extra"]
[Source "ChessBase"]
[SourceDate "2006.03.10"]
[SourceVersion "2"]
[SourceVersionDate "2006.03.10"]
[SourceQuality "1"]

1. c4 Nf6 2. Nc3 e6 3. d4 Bb4 4. Nf3 0-0 5. Bg5 c5 6. e3 h6 7. Bh4 d6 8. Bd3 Nbd7 9. 0-0 Bxc3 10. bxc3 e5 11. Nd2 Qc7 12. f4 exd4 13. cxd4 Re8 14. Qf3 Rb8 15. Rae1 Qa5 16. Rd1 b5 17. g4 Qc3 18. Nb1 Qa5 19. g5 Bb7 20. Qh3 bxc4 21. gxf6 cxd3 22. Qxd7 cxd4 23. Qg4 g6 24. e4 Rxe4 25. Rxd3 Qd5 26. Nc3 Qc4 27. Nxe4 Qxd3 28. Nxd6 Bd5 29. Qg3 Qxg3+ 30. Bxg3 Bxa2 31. Rd1 Rb1 32. Rxb1 Bxb1 33. Nc4 a6 34. Kf2 Ba2 35. Na5 Bd5 36. Ke2 Be4 37. Bf2 Kf8 38. Bxd4 Ke8 39. Ke3 Bd5 40. Be5 Kd7 41. Kd4 Ke6 42. Kc5 Be4 43. Nc4 Bd3 44. Bc3 Bc2 45. Ne3 Bd3 46. Kc6 Be4+ 47. Kc7 Bd5 48. Kd8 Bc6 49. Nc4 Bb5 50. Na5 Ba4 51. Nb7 Bc6 52. Nc5+ Kf5 53. Ke7 Bd5 54. Bd2 a5 55. Bxa5 Kxf4 56. Bd2+ Kf5 57. Bxh6 Bc6 58. Bd2 Bd5 59. Ba5 Bc4 60. Bc7 Bd5 61. Nd7 Be6 62. Ne5 1-0

[Event "Nichelino op 6th"]
[Site "Nichelino"]
[Date "2005.10.07"]
[Round "2"]
[White "Cova, Alessandro"]
[Black "Ranola, Yves"]
[Result "0-1"]
[WhiteElo "1958"]
[BlackElo "2455"]
[PlyCount "82"]
[EventDate "2005.10.06"]
[EventType "swiss"]
[EventRounds "6"]
[EventCountry "ITA"]
[SourceTitle "EXT 2007"]
[Source "ChessBase"]
[SourceDate "2006.11.23"]
[SourceVersion "1"]
[SourceVersionDate "2006.11.23"]
[SourceQuality "1"]

1. d4 Nf6 2. c4 Nc6 3. Nc3 e5 4. d5 Ne7 5. e4 Ng6 6. Nf3 Bc5 7. Bd3 0-0 8. 0-0 a5 9. Ne2 Nh5 10. Ng3 Nxg3 11. hxg3 d6 12. Qc2 Bd7 13. Re1 c6 14. Be3 Bxe3 15. Rxe3 cxd5 16. cxd5 b5 17. Ree1 Qb6 18. Rac1 Rfc8 19. Qd2 Nf8 20. Rxc8 Rxc8 21. Rc1 Rxc1+ 22. Qxc1 h6 23. Kf1 Nh7 24. Ke2 Nf6 25. Qe3 Qc7 26. Nh2 b4 27. f3 Be8 28. Nf1 Nd7 29. Bb5 Qb8 30. Bxd7 Bxd7 31. Qc1 Bb5+ 32. Kf2 Qb6+ 33. Ne3 g6 34. f4 Qd4 35. fxe5 Qxe5 36. Ng4 Qd4+ 37. Qe3 Qxb2+ 38. Kg1 h5 39. Nh6+ Kg7 40. Qg5 Qb1+ 41. Kh2 Qxe4 0-1